000 00309 a2200109 4500
001 ART_24963
005 20260410161933.0
008 260409a
245 1 0 _aLeasing inmobiliario (II)
100 1 _aLanús de la Serna, Rodolfo
773 0 _tInforme
_g- Año II, Nº 7 (ene. 1970)
_wREV23765
999 _c28781
_d28781